书目信息 |
| 题名: |
洋槐实用造林法
|
|
| 作者: | ;山东省林业厅 编 | |
| 分册: | ||
| 出版信息: | 济南 山东人民出版社 1958 |
|
| 页数: | 30页 | |
| 开本: | 18cm | |
| 丛书名: | ||
| 单 册: | ||
| 中图分类: | S792.270.5 | |
| 科图分类: | ||
| 主题词: | 刺槐-造林 , 造林-刺槐 | |
| 电子资源: | ||
| ISBN: | T16099.161 | |
| 000 | 00674nam0 2200241 450 | |
| 001 | 0158015918 | |
| 005 | 20130329124448.0 | |
| 010 | @aT16099.161@dCNY0.09 | |
| 091 | @aT16099.161@dCNY0.09 | |
| 100 | @a20130329d1958 em y0chiy0110 ea | |
| 101 | 0 | @achi |
| 102 | @aCN@b370000 | |
| 105 | @ay z 000yy | |
| 106 | @ar | |
| 200 | 1 | @a洋槐实用造林法@9Yang Huai Shi Yong Zao Lin Fa @f山东省林业厅编 |
| 210 | @a济南@c山东人民出版社@d1958 | |
| 215 | @a30页@d18cm | |
| 606 | 0 | @a刺槐-造林 |
| 606 | 0 | @a造林-刺槐 |
| 690 | @aS792.270.5@v3 | |
| 711 | 02 | @a山东省林业厅@9shan dong sheng lin ye ting@4编 |
| 801 | 0 | @aCN@b91MARC@c20130904 |
| 905 | @aBZT@dS792.27@e1@f1@sS792.27/1 | |
| 洋槐实用造林法/山东省林业厅编.-济南:山东人民出版社,1958 |
| 30页;18cm |
| ISBN T16099.161:CNY0.09 |
| ● |
| 相关链接 |
|
|
|
正题名:洋槐实用造林法
索取号:S792.27/1
 
预约/预借
| 序号 | 登录号 | 条形码 | 馆藏地/架位号 | 状态 | 备注 |
| 1 | 2000118261 | 2000118261 | 旧书回溯/ [索取号:S792.27/1] | 在馆 |